Statistics for Generator Puzzle #38

Click here to take the quiz!

General Stats

  • This quiz has been taken 540 times
  • The average score is 12 of 21

Answer Stats

HintAnswer% Correct
______ RicoPuerto
91%
Aussie ostrichEmu
86%
Halloween outfitCostume
82%
Shop clientCustomer
82%
School danceProm
82%
South American countryPeru
81%
Celestial HalleyComet
79%
Basil-based saucePesto
78%
Musical speedTempo
78%
CadaverCorpse
67%
Torso tightenerCorset
62%
Surprise victoryUpset
50%
9-Letter WordCOMPUTERS
46%
Rainbow rangeSpectrum
40%
Strong cardTrump
36%
River's beginningSource
34%
Physical stancePosture
32%
Plant shootSprout
25%
South American capitalSucre
25%
ChaperoneEscort
23%
German toastProst!
16%

Score Distribution

Percentile by Number Answered

Percent of People with Each Score

Your Score History

You have not taken this quiz